[Event "FSGM September"]
[Site "Budapest HUN"]
[Date "2005.09.13"]
[Round "11"]
[White "Reiss,T"]
[Black "Le Quang Liem"]
[Result "0-1"]
[WhiteElo "2397"]
[BlackElo "2326"]

1.d4 d5 2.c4 c6 3.cxd5 cxd5 4.Nc3 Nf6 5.Bf4 Nc6 6.e3 Bf5 7.Bd3 Bxd3 8.Qxd3 e6
9.Nf3 Be7 10.O-O Nh5 11.Be5 f6 12.Bg3 Nxg3 13.hxg3 f5 14.Rfc1 g5 15.Qb5 a6
16.Qd3 h5 17.Ne2 Bd6 18.a3 Qf6 19.Nd2 h4 20.gxh4 Qh6 21.f4 gxf4 22.Nxf4 Qxh4
23.Nf3 Qh6 24.Re1 Ke7 25.Kf2 Rag8 26.g3 Nb8 27.Nh4 Rxg3 28.Rh1 Bxf4 29.Nxf5+ exf5
30.Rxh6 Rxh6 31.Qxf5 Rh2+ 32.Kf1 Rf3+  0-1

[Event "FSGM October"]
[Site "Budapest HUN"]
[Date "2005.10.01"]
[Round "1"]
[White "Le Quang Liem"]
[Black "Hera,I"]
[Result "1-0"]
[WhiteElo "2386"]
[BlackElo "2380"]

1.d4 Nf6 2.Nf3 e6 3.c4 Bb4+ 4.Bd2 a5 5.g3 b6 6.Bg2 Bb7 7.O-O O-O 8.Bf4 Bd6
9.Be5 Bxe5 10.dxe5 Ne4 11.Qc2 Na6 12.Nc3 Nac5 13.Nb5 d6 14.Rad1 Qe7 15.Nd2 d5
16.Nxe4 dxe4 17.Nc3 f5 18.exf6 Qxf6 19.e3 Qf5 20.Rd4 e5 21.Rd2 Rf7 22.b3 h5
23.h3 Raf8 24.a3 Rd7 25.Rxd7 Qxd7 26.Rd1 Qf5 27.Rd2 Nd3 28.Qd1 Rd8 29.g4 hxg4
30.Qxg4 Qxg4 31.hxg4 Rb8 32.Bxe4 Nc5 33.Bxb7 Rxb7 34.b4 axb4 35.axb4 Na6
36.Rd8+ Kf7 37.Rd7+ Ke6 38.Rxg7 Nxb4 39.Nb5 Rb8 40.Nxc7+ Kf6 41.Rd7 Rg8 42.f3 e4
43.Rd6+ Kf7 44.Nd5 Nc2 45.Rd7+ Ke6 46.Re7+ Kd6 47.Rxe4 Ne1 48.Kf2 Nd3+ 49.Kg3 b5
50.Rd4 Nc1 51.Nf6+ Ke6 52.Nxg8 Ne2+ 53.Kf2 Nxd4 54.exd4 b4 55.Ke3  1-0

[Event "FSGM October"]
[Site "Budapest HUN"]
[Date "2005.10.01"]
[Round "12"]
[White "Le Quang Liem"]
[Black "Prohaszka,P2"]
[Result "0-1"]
[WhiteElo "2386"]
[BlackElo "2336"]

1.d4 Nf6 2.Nf3 e6 3.c4 Bb4+ 4.Bd2 Qe7 5.g3 Nc6 6.Bg2 Bxd2+ 7.Qxd2 Ne4 8.Qc2 Qb4+
9.Kf1 f5 10.e3 b5 11.c5 Qc4+ 12.Qe2 Qc1+ 13.Ne1 O-O 14.f3 Nb4 15.a3 Nd5 16.fxe4 Nxe3+
17.Kg1 Nc2 18.Qxc2 Qxe1+ 19.Bf1 fxe4 20.Kg2 Bb7 21.Nc3 e3+ 22.Kh3 Qxa1 23.Qxh7+ Kxh7
24.Bd3+ Kh6 25.Rxa1 Kg5 26.Be4 Rf2 27.g4 Kf4  0-1

[Event "FSGM October"]
[Site "Budapest HUN"]
[Date "2005.10.01"]
[Round "13"]
[White "Murariu,A"]
[Black "Le Quang Liem"]
[Result "1-0"]
[WhiteElo "2441"]
[BlackElo "2386"]

1.e4 c5 2.Nf3 d6 3.d4 cxd4 4.Nxd4 Nf6 5.Nc3 a6 6.Bg5 e6 7.f4 Be7 8.Qf3 Qa5
9.O-O-O Bd7 10.g4 Nc6 11.Nb3 Qc7 12.Bh4 h6 13.Bg3 e5 14.f5 b5 15.h4 b4 16.Nd5 Nxd5
17.exd5 Nb8 18.Nd2 Ba4 19.b3 Bb5 20.Bxe5 dxe5 21.d6 Qc6 22.dxe7 Kxe7 23.Ne4 Nd7
24.Rd6 Qc7 25.f6+ gxf6 26.Bxb5 axb5 27.Rxd7+ Kxd7 28.Nxf6+ Ke6 29.Qf5+ Kd6
30.Rd1+ Kc5 31.Nd7+  1-0

[Event "FSGM October"]
[Site "Budapest HUN"]
[Date "2005.10.03"]
[Round "3"]
[White "Le Quang Liem"]
[Black "Berczes,D"]
[Result "0-1"]
[WhiteElo "2386"]
[BlackElo "2475"]

1.d4 Nf6 2.Nf3 e6 3.c4 b6 4.g3 Ba6 5.b3 Bb4+ 6.Bd2 Be7 7.Bg2 c6 8.Bc3 d5
9.Ne5 Nfd7 10.Nxd7 Nxd7 11.O-O O-O 12.Nd2 Nf6 13.e4 b5 14.cxb5 cxb5 15.e5 Nd7
16.b4 Rc8 17.Rc1 Nb6 18.Nb3 Rc4 19.Nc5 Bxc5 20.dxc5 Na4 21.Bd2 Qd7 22.Qb3 Bb7
23.Rfd1 Bc6 24.Be3 d4 25.Bxc6 Qxc6 26.Rxd4 Rxd4 27.Bxd4 Nb6 28.Rd1 Nd5 29.Be3 a5
30.bxa5 Ra8 31.Rb1 Rb8 32.a3 h5 33.h4 Qc7 34.a6 Qa5 35.Qd3 Qxa6 36.Bd2 Qc6
37.Bb4 Ra8 38.Qe2 g6 39.Rd1 Ra7 40.Rd4 Rd7 41.Qd2 Qc7 42.Qe2 Qc6 43.Qe4 Qc8
44.Kh2 Ne7 45.Rd6 Rxd6 46.cxd6 Nd5 47.Qd4 Qd7 48.Qc5 Kh7 49.Bd2 Kg7 50.Bg5 Qb7
51.Kg1 Qd7 52.Bc1 Qb7 53.Qd4 Kg8 54.Qd2 Qc6 55.Kh2 Nb6 56.Qd4 Nd7 57.Bf4 Qf3
58.Kg1 Qxa3 59.Qe4 Qa1+ 60.Kh2 Qa2 61.Kg1 Qd5 62.Qc2 Kg7 63.Qc8 Qd1+ 64.Kh2 Qf3
65.Be3 Nxe5 66.Bd4 Kh7 67.Qc5 Nd3 68.Qc3 e5 69.Kg1 exd4 70.Qxd4 Ne1 71.Kf1 Nc2
72.Qc5 Qd1+ 73.Kg2 Ne1+ 74.Kh2 Qf3  0-1

[Event "FSGM October"]
[Site "Budapest HUN"]
[Date "2005.10.04"]
[Round "4"]
[White "Buli,V"]
[Black "Le Quang Liem"]
[Result "0-1"]
[WhiteElo "2294"]
[BlackElo "2386"]

1.d4 d5 2.c4 c6 3.e3 Nf6 4.Nc3 a6 5.Nf3 b5 6.b3 Bg4 7.h3 Bxf3 8.Qxf3 e5 9.c5 Nbd7
10.Be2 g6 11.O-O Bg7 12.Bb2 O-O 13.b4 a5 14.a3 Qb8 15.Qg3 Re8 16.Rfe1 Qb7
17.Rad1 Re7 18.Bd3 Nh5 19.Qh4 Rae8 20.Nb1 Qc7 21.g4 Bf6 22.g5 Bh8 23.Be2 Ng7
24.Bg4 exd4 25.Bxd4 axb4 26.axb4 Ne5 27.Qg3 Ne6 28.Bxe6 Rxe6 29.Nc3 Qe7 30.e4 Nd7
31.Bxh8 Kxh8 32.f3 f5 33.Rd4 dxe4 34.fxe4 Ne5 35.Rf1 Nc4 36.Rfd1 Qf8 37.Rf1 Qg7
38.Qd3 Qe7 39.Rd7 Qxg5+ 40.Kh1 Ne5 41.Qd4 Qg3 42.exf5 Qxh3+ 43.Kg1 Qg3+ 44.Kh1 gxf5
45.Ne2 Rh6+  0-1

[Event "FSGM October"]
[Site "Budapest HUN"]
[Date "2005.10.06"]
[Round "6"]
[White "Le Quang Liem"]
[Black "Paschall,W"]
[Result "1-0"]
[WhiteElo "2386"]
[BlackElo "2394"]

1.d4 Nf6 2.Nf3 g6 3.c4 Bg7 4.Nc3 O-O 5.e4 c6 6.Bg5 d6 7.Be2 Nbd7 8.Qc2 h6
9.Bh4 e5 10.Rd1 Qc7 11.c5 dxc5 12.dxe5 Ng4 13.e6 fxe6 14.Be7 Rf7 15.Bd6 Qa5
16.O-O b5 17.h3 Ngf6 18.e5 Nd5 19.Qxg6 Nf8 20.Qg3 Nxc3 21.bxc3 Qxc3 22.Rc1 Qb4
23.Nh4  1-0

[Event "FSGM October"]
[Site "Budapest HUN"]
[Date "2005.10.07"]
[Round "7"]
[White "Wittmann,W"]
[Black "Le Quang Liem"]
[Result "1/2-1/2"]
[WhiteElo "2376"]
[BlackElo "2386"]

1.e4 c5 2.Nf3 d6 3.d4 cxd4 4.Nxd4 Nf6 5.Nc3 a6 6.Bc4 e6 7.Bb3 Nbd7 8.f4 Nc5
9.O-O Be7 10.e5 dxe5 11.fxe5 Nxb3 12.axb3 Bc5 13.Be3 Nd5 14.Bf2 O-O 15.Ne4 Be7
16.c4 Nf4 17.Be3 Ng6 18.Qh5 Bd7 19.Rf3 f5 20.Rh3 Nxe5 21.Qxh7+ Kf7 22.Qh5+ g6
23.Qh7+ Ke8 24.Nf3 Qc7 25.Nxe5 Qxe5 26.Qxg6+ Kd8 27.Bb6+ Kc8 28.Nc3 Bc5+
29.Bxc5 Qxc5+ 30.Kh1 Kc7 31.Rd1 Rad8 32.Rhd3 Qe7 33.Qg3+ f4 34.Qf2 Kc8 35.h3 Kb8
36.Ne4 Bc6 37.Rxd8+ Rxd8 38.Qxf4+ Ka8 39.Rxd8+ Qxd8 40.Nc3 Qd3 41.Qf8+ Ka7
42.Qf2+ Ka8 43.Kg1 Qg6 44.b4 Qe8 45.b5 axb5 46.cxb5 Bxb5 47.Nxb5 Qxb5 48.h4 Qh5
49.g3 e5 50.Kg2 Qe8 51.Qe3 e4 52.g4 Qe6 53.Kh3 Qd5 54.Kg2 Qe6 55.Kh3 Qd5
56.Kg2 Qe6  1/2-1/2

[Event "FSGM October"]
[Site "Budapest HUN"]
[Date "2005.10.08"]
[Round "8"]
[White "Le Quang Liem"]
[Black "Boros,De"]
[Result "1/2-1/2"]
[WhiteElo "2386"]
[BlackElo "2460"]

1.d4 Nf6 2.Nf3 g6 3.c4 Bg7 4.Nc3 d5 5.Qb3 dxc4 6.Qxc4 O-O 7.e4 Na6 8.Be2 c5
9.d5 e6 10.O-O exd5 11.exd5 b6 12.Qh4 Nxd5 13.Nxd5 Qxd5 14.Ng5 h6 15.Bf3 hxg5
16.Bxg5 Qd4 17.Bxa8 Qxh4 18.Bxh4 Be6 19.Be4 Bxb2 20.Rab1 Bd4 21.a3 Kg7 22.Rfe1 Ba2
23.Rbd1 Bb3 24.Rd3 Bc4 25.Rdd1 Nc7 26.Bc6 Ne6 27.Bg3 Kf6 28.Bd7 Ke7 29.Ba4 b5
30.Bc2 Kf6 31.h4 a5 32.Rxd4 cxd4 33.Be5+ Ke7 34.Bxd4 Rc8 35.Bb6 a4 36.Ba5 Kf8
37.Be4 Nc5 38.g4 Nxe4 39.Rxe4 Be6 40.Kh2 Rc4  1/2-1/2

[Event "FSGM October"]
[Site "Budapest HUN"]
[Date "2005.10.09"]
[Round "9"]
[White "Fogarasi,T"]
[Black "Le Quang Liem"]
[Result "1-0"]
[WhiteElo "2482"]
[BlackElo "2386"]

1.e4 c5 2.Nf3 d6 3.d4 cxd4 4.Nxd4 Nf6 5.Nc3 a6 6.Be2 e5 7.Nb3 Be7 8.Bg5 Be6
9.Bxf6 Bxf6 10.Nd5 Bxd5 11.Qxd5 Nc6 12.c3 O-O 13.Rd1 Be7 14.O-O Qb6 15.Bc4 Rad8
16.Rd3 Bg5 17.Rf3 Qc7 18.Qd3 g6 19.Rd1 Kg7 20.Bd5 h5 21.Nd2 h4 22.Nc4 Ne7
23.Ne3 Qb6 24.b4 Bxe3 25.Qxe3 Qxe3 26.Rxe3 Rd7 27.Bb3 Nc8 28.g3 hxg3 29.hxg3 Rc7
30.f4 Re8 31.Kf2 b6 32.Rd5 exf4 33.gxf4 Rh8 34.Kg2 Rh4 35.Rf3 Re7 36.Rd4 Re8
37.e5 Rg4+ 38.Kf2 Rd8 39.f5 gxf5 40.Rxf5 Rxd4 41.Rxf7+ Kg6 42.cxd4 dxe5 43.dxe5 Re8
44.Rf6+ Kg5 45.Rc6 a5 46.bxa5 bxa5 47.e6 Kf6 48.Ra6 Ne7 49.Rxa5 Nc6 50.Ra4 Ke5
51.Ke3 Re7 52.Ra8 Rb7 53.Rh8 Ne7 54.Kd2 Rc7 55.Rh7 Kd6 56.Rg7 Rc8 57.Rg5 Rc7
58.Ra5 Nc6 59.Ra6 Kc5 60.Ke3 Nb4 61.Ra5+ Kd6 62.Ke4 Nc6 63.Ra6 Ke7 64.Rb6 Na7
65.Kd5 Nc8 66.Rc6 Kd8 67.Rxc7 Kxc7 68.Ke5 Ne7 69.Bd5 Nc8 70.Be4 Nd6 71.Bg6 Nc8
72.a4 Kd8 73.Kf6 Ne7 74.Kf7 Nc6 75.Be4 Ne7 76.a5 Nc8 77.Kf8  1-0

[Event "FSGM October"]
[Site "Budapest HUN"]
[Date "2005.10.10"]
[Round "10"]
[White "Le Quang Liem"]
[Black "Czebe,A"]
[Result "1/2-1/2"]
[WhiteElo "2386"]
[BlackElo "2497"]

1.d4 Nf6 2.Nf3 c5 3.c4 cxd4 4.Nxd4 e6 5.g3 Qc7 6.b3 d5 7.cxd5 Nxd5 8.Bg2 Bb4+
9.Bd2 Qb6 10.Qc2 a5 11.O-O O-O 12.e4  1/2-1/2

[Event "FSGM October"]
[Site "Budapest HUN"]
[Date "2005.10.11"]
[Round "11"]
[White "Kallio,H"]
[Black "Le Quang Liem"]
[Result "1/2-1/2"]
[WhiteElo "2501"]
[BlackElo "2386"]

1.e4 c5 2.Nc3 d6 3.f4 g6 4.Nf3 Bg7 5.Bc4 Nc6 6.O-O e6 7.a3 Nge7 8.d3 O-O
9.Kh1 Nd4 10.Ba2 Nec6 11.Be3 Kh8 12.Qd2 f5 13.Rae1 Nxf3 14.Rxf3 b6 15.Bg1 Nd4
16.Rff1 Bd7 17.Nd1 Qf6 18.c3 Nc6 19.Ne3 Rae8 20.Nc4 e5 21.fxe5 dxe5 22.exf5 gxf5
23.b4 cxb4 24.axb4 Qg6 25.Bb1 b5 26.Ne3 a6 27.Ba2 Ne7 28.Nd5 Bc6 29.Nxe7 Rxe7
30.Bc5 Bh6 31.Qf2 Rg7 32.Re2 Qh5 33.Re4 Bxe4 34.dxe4 Bf4 35.g4 Rxg4 36.Bxf8 Rh4
37.Bg7+ Kxg7 38.Rg1+ Rg4 39.exf5 Qxf5 40.Bb1 Qd7 41.Rxg4+ Qxg4 42.Qa7+ Kf6
43.Qb6+ Qe6 44.Qd8+ Qe7 45.Qh8+ Kg5 46.Be4 Qd7 47.Bf3 Kg6 48.Qg8+ Kh6  1/2-1/2

[Event "ch-VIE"]
[Site "Cao Lanh Dong Thap VIE"]
[Date "2006.04.05"]
[Round "3"]
[White "Dao Thien Hai"]
[Black "Le Quang Liem"]
[Result "1/2-1/2"]
[WhiteElo "2560"]
[BlackElo "2473"]

1.d4 d5 2.c4 c6 3.Nc3 Nf6 4.Nf3 dxc4 5.a4 e6 6.e3 c5 7.Bxc4 Nc6 8.O-O cxd4
9.exd4 Be7 10.d5 exd5 11.Nxd5 Nxd5 12.Bxd5 O-O 13.Qb3 Qb6 14.Qxb6 axb6 15.Be3 Bf6  1/2-1/2

[Event "ch-VIE"]
[Site "Cao Lanh Dong Thap VIE"]
[Date "2006.04.05"]
[Round "4"]
[White "Le Quang Liem"]
[Black "Hoang Canh,H"]
[Result "1/2-1/2"]
[WhiteElo "2473"]
[BlackElo "2323"]

1.d4 g6 2.e4 Bg7 3.Nc3 c6 4.Be3 d6 5.Qd2 Nd7 6.a4 Ngf6 7.f3 Qa5 8.Nge2 a6
9.Nc1 O-O 10.Nb3 Qc7 11.f4 b5 12.axb5 cxb5 13.e5 b4 14.Nb5 Qb8 15.Nxd6 exd6
16.exf6 Nxf6 17.Bd3 Re8 18.O-O Ng4 19.Bf2 Qb6 20.Kh1 a5 21.Bg1 Bb7 22.d5 Qc7
23.Be2 Nf6 24.Bf3 Ne4 25.Bxe4 Rxe4 26.f5 Qc4 27.fxg6 hxg6 28.Qf2 Qxd5 29.Nxa5 Ba6
30.Rad1 Qe6 31.Rfe1 Re2 32.Rxe2 Qxe2 33.Rxd6 Qe5 34.Rd7 Qe6 35.Qd2 Bxb2 36.Rd8+ Rxd8
37.Qxd8+ Kg7 38.Bd4+ Bxd4 39.Qxd4+ Kg8 40.Qd8+ Kg7 41.Qd4+ Kg8  1/2-1/2

[Event "ch-VIE"]
[Site "Cao Lanh Dong Thap VIE"]
[Date "2006.04.05"]
[Round "5"]
[White "Nguyen Anh Dung"]
[Black "Le Quang Liem"]
[Result "1/2-1/2"]
[WhiteElo "2542"]
[BlackElo "2473"]

1.e4 c5 2.Nf3 d6 3.d4 cxd4 4.Nxd4 Nf6 5.Nc3 a6 6.Bg5 e6 7.f4 Be7 8.Qf3 Qa5
9.O-O-O Bd7 10.Kb1 Nc6 11.Nb3 Qc7 12.Bh4 Rc8 13.g4 h6 14.Bg3 e5 15.f5 b5
16.h4 b4 17.g5 bxc3 18.gxf6 Bxf6 19.Qxc3 O-O 20.Bxa6 Ra8 21.Bb5 Qb7 22.Bxc6 Bxc6
23.Na5 Rxa5 24.Qxa5 Bxe4 25.Rh2 d5 26.Re1  1/2-1/2

[Event "ch-VIE"]
[Site "Cao Lanh Dong Thap VIE"]
[Date "2006.04.06"]
[Round "6"]
[White "Le Quang Liem"]
[Black "Nguyen Van Huy"]
[Result "1-0"]
[WhiteElo "2473"]
[BlackElo "2347"]

1.d4 Nf6 2.c4 g6 3.Nc3 Bg7 4.e4 d6 5.Be2 O-O 6.Nf3 e5 7.O-O Nc6 8.Be3 Re8
9.d5 Nd4 10.Re1 c5 11.dxc6 bxc6 12.Nxd4 exd4 13.Bxd4 Rb8 14.Qc2 c5 15.Be3 Nxe4
16.Nxe4 Rxb2 17.Qd3 Rxe2 18.Qxe2 Rxe4 19.Rad1 Bb7 20.f3 Re6 21.Qd2 Qe8 22.Bf2 Be5
23.Rb1 Qc6 24.Qa5 a6 25.Qb6 Ba8 26.Qxc6 Bxc6 27.Rb6 Bd7 28.Rb8+ Kg7 29.Rb7 Bd4
30.Bxd4+ cxd4 31.Kf2 Rxe1 32.Kxe1 Be6 33.Rb4 Kf6 34.Ra4 Ke5 35.Kd2 h5 36.g3 g5
37.Ra5+ d5 38.cxd5 Bxd5 39.Kd3  1-0

[Event "ch-VIE"]
[Site "Cao Lanh Dong Thap VIE"]
[Date "2006.04.08"]
[Round "8"]
[White "Nguyen Duc Hoa"]
[Black "Le Quang Liem"]
[Result "1-0"]
[WhiteElo "2205"]
[BlackElo "2473"]

1.d4 d5 2.Nf3 Nf6 3.c4 c6 4.Nc3 a6 5.c5 Nbd7 6.Bf4 Nh5 7.Bd2 Nhf6 8.Bf4 g6
9.h3 Bg7 10.e3 b6 11.cxb6 Qxb6 12.Qc2 c5 13.Be2 Bb7 14.O-O cxd4 15.Na4 Qa7
16.exd4 Rc8 17.Qd3 O-O 18.Rac1 Ne4 19.b4 Rxc1 20.Rxc1 e5 21.Be3 Nxf2 22.Bxf2 e4
23.Qe3 exf3 24.Bxf3 Nb6 25.Nc5 Bc8 26.Qf4 a5 27.b5 a4 28.Qd6 Qa5 29.Qc6 h5
30.a3 Kh7 31.Rb1 Bf5 32.Rb4 Qa7 33.Bxd5 Qb8 34.Bf3 Kg8 35.Qb7 Qd6 36.Nxa4 Rc8
37.Nc5 Rc7 38.Qb8+ Kh7 39.Bc6 Rxc6 40.Qxd6 Rxd6 41.a4 Nd7 42.a5 h4 43.Nxd7 Bxd7
44.b6 Bc8 45.Rc4 Ba6 46.Rc7 Rd5 47.Rxf7 Kh6 48.Be3+ Kh7 49.Ra7 Rxa5 50.Kh2 g5
51.b7 Rb5 52.Rxa6 Rxb7 53.Bxg5 Bxd4 54.Bxh4 Rb3 55.Bg3 Rb1 56.h4 Rb3 57.Bf4 Bc5
58.g3 Bf2 59.Kh3 Rb4 60.h5 Rb5 61.Kg4 Rb4 62.Rc6 Be3 63.Rf6 Kg7 64.Rf5 Bb6
65.h6+ Kh7 66.Rf7+ Kg8 67.Rb7 Rb5 68.Bd2 Rd5 69.Rxb6 Rxd2 70.Kh5 Kh7 71.Rb7+ Kh8
72.g4 Rd5+ 73.g5 Kg8 74.Rb8+ Kh7 75.Rb7+ Kg8 76.Kg6 Rd6+ 77.Kf5 Rd5+ 78.Kf6 Rd6+
79.Ke5 Ra6 80.Re7 Ra5+ 81.Kf6 Ra6+ 82.Re6 Ra8 83.g6 Kh8 84.Rd6 Rb8 85.Ke7  1-0

[Event "ch-VIE"]
[Site "Cao Lanh Dong Thap VIE"]
[Date "2006.04.09"]
[Round "9"]
[White "Le Quang Liem"]
[Black "Tran Quoc Dung"]
[Result "0-1"]
[WhiteElo "2473"]
[BlackElo "2126"]

1.d4 d5 2.c4 c6 3.Nf3 e6 4.Nbd2 Nf6 5.e3 a6 6.b3 Be7 7.Bd3 b6 8.O-O Bb7 9.Bb2 O-O
10.Qe2 Nbd7 11.Rad1 Rc8 12.Ne5 dxc4 13.bxc4 c5 14.f4 Qc7 15.a4 g6 16.Bb1 Ba8
17.Ba2 Rfd8 18.Ndf3 cxd4 19.exd4 Nh5 20.g3 Nxe5 21.Nxe5 Qb7 22.d5 exd5 23.cxd5 Bc5+
24.Kg2 Nf6 25.Kh3 Rxd5 26.Rxd5 Nxd5 27.f5 g5 28.Qh5 Be3 29.Nf3 h6 30.Re1 Bc5
31.Re4 Qd7 32.Nxg5 Qxf5+ 33.Rg4 Ne3 34.Bxf7+ Kf8 35.Ne6+ Ke7 36.Qxf5 Bg2+
37.Kh4 Nxf5+ 38.Kh5 Kxf7 39.Ng7 Nxg7+ 40.Rxg7+ Ke6 41.Rg6+ Kd5 42.Kxh6 Kc4
43.Rg4+ Kb3 44.Bg7 Be3+ 45.Kg6 Rc4 46.Rxc4 Kxc4 47.h4 Be4+ 48.Kf7 Kb3 49.a5 bxa5
50.h5 a4 51.Kg8 a3 52.h6 Bc1 53.g4 a2  0-1

[Event "FSGM August"]
[Site "Budapest HUN"]
[Date "2006.08.05"]
[Round "1"]
[White "Le Quang Liem"]
[Black "Nemeth,Mi1"]
[Result "1-0"]
[WhiteElo "2488"]
[BlackElo "2396"]

1.d4 Nf6 2.Nf3 e6 3.c4 b6 4.g3 Ba6 5.b3 Bb4+ 6.Bd2 Be7 7.Bg2 c6 8.Bc3 d5
9.Ne5 Nfd7 10.Nxd7 Nxd7 11.O-O O-O 12.Nd2 Rb8 13.e4 b5 14.Re1 dxc4 15.bxc4 b4
16.Bb2 e5 17.d5 Bd6 18.Rc1 c5 19.f4 Re8 20.Nf3 f6 21.f5 Nb6 22.Bf1 Bc8 23.g4 Bd7
24.Re3 g6 25.Qe1 Re7 26.Rc2 Rg7 27.Rg2 Qf8 28.fxg6 hxg6 29.g5 Bh3 30.gxf6 Qxf6
31.Rf2 Bxf1 32.Nxe5 Qg5+ 33.Rg3 Qh5 34.Ng4 Nd7 35.e5 Bh3 36.exd6 Bxg4 37.Qe4 Bh3
38.Rff3 Rf8 39.Rxh3 Qg5+ 40.Rhg3 Qd2 41.Qe6+  1-0

[Event "FSGM August"]
[Site "Budapest HUN"]
[Date "2006.08.05"]
[Round "12"]
[White "Lapshun,Y"]
[Black "Le Quang Liem"]
[Result "0-1"]
[WhiteElo "2452"]
[BlackElo "2488"]

1.e4 c5 2.Nc3 d6 3.g3 Nc6 4.Bg2 g6 5.d3 Bg7 6.f4 e6 7.Nf3 Nge7 8.Be3 O-O
9.O-O b6 10.d4 Ba6 11.Rf2 Qc7 12.a4 Rad8 13.Nb5 Bxb5 14.axb5 Nxd4 15.Nxd4 cxd4
16.Bxd4 e5 17.Bc3 exf4 18.gxf4 Bxc3 19.bxc3 d5 20.exd5 Qxc3 21.Rxa7 Qc5 22.c4 Rfe8
23.d6 Rxd6 24.Qe2 Re6 25.Qd3 Re1+ 26.Bf1 Nf5 27.Rd7 Ne3 28.Qd4 Qf5  0-1

[Event "FSGM August"]
[Site "Budapest HUN"]
[Date "2006.08.05"]
[Round "13"]
[White "Le Quang Liem"]
[Black "Ragger,M"]
[Result "1/2-1/2"]
[WhiteElo "2488"]
[BlackElo "2456"]

1.d4 Nf6 2.Nf3 e6 3.c4 b6 4.g3 Ba6 5.b3 b5 6.cxb5 Bxb5 7.Bg2 Bb4+ 8.Bd2 a5
9.O-O O-O 10.a3 Bxd2 11.Qxd2 Bc6 12.Nc3 Qc8 13.Rfe1 Ne4  1/2-1/2

[Event "FSGM August"]
[Site "Budapest HUN"]
[Date "2006.08.06"]
[Round "2"]
[White "Lorscheid,G"]
[Black "Le Quang Liem"]
[Result "0-1"]
[WhiteElo "2294"]
[BlackElo "2488"]

1.d4 Nf6 2.c4 e6 3.Nc3 Bb4 4.Qc2 O-O 5.a3 Bxc3+ 6.Qxc3 b6 7.Bg5 Bb7 8.e3 d6
9.Ne2 Nbd7 10.Qd3 h6 11.Bh4 Qe7 12.Nc3 c5 13.Rd1 Rfd8 14.d5 Ne5 15.Qc2 Ng6
16.Bxf6 Qxf6 17.Be2 e5 18.O-O Bc8 19.Bd3 Re8 20.f3 Bd7 21.Qf2 a6 22.a4 Rab8
23.b3 Qe7 24.Qc2 Nf8 25.Rde1 Bc8 26.Kh1 Nd7 27.Qf2 Nf6 28.Rg1 h5 29.h3 g6
30.Re2 Kg7 31.Rb1 Rh8 32.h4 Rf8 33.Reb2 Qd8 34.e4 a5 35.Kg1 Ng8 36.Qg3 Nh6
37.Rf1 Rb7 38.Nb5 Re7 39.Kf2 f5 40.Ke1 f4 41.Qf2 Kh7 42.Rh1 Rg7 43.Rh2 Rf6
44.Kd2 Bd7 45.Nc3 g5 46.hxg5 Rxg5 47.Rb1 Qg8 48.Rbh1 Be8 49.Bf1 Qg7 50.Kd3 Kg8
51.Nb5 Kf8 52.Kc3 Ng8 53.Kd3 Rh6 54.Kc3 Bxb5 55.cxb5 Ne7 56.Kc4 Ng6 57.Kc3 h4
58.Kc4 Ke8 59.Rh3 Kd8 60.R3h2 Kc7 61.Rh3 Kb7 62.R3h2 Rg3 63.Rh3 Qf6 64.R3h2 Kb8
65.Be2 Nh8 66.Bf1 Nf7 67.Be2 Qh8 68.Bf1 Ng5 69.Be2 Qh7 70.Qe1 h3 71.Rg1 Rg6
72.Rgh1 Qg7 73.Bf1 Kc7 74.Qd1 Kd8 75.Qe2 Ke8 76.Qd1 Kf8 77.Qe2 Kg8 78.Qd3 Rh6
79.Qe2 Qh7 80.Rg1 Nxf3 81.Qxf3 Rxf3 82.gxf3+ Rg6 83.Rgh1 Rh6 84.Bxh3 Kf8
85.Kd3 c4+ 86.Kxc4 Qc7+ 87.Kd3 Qc5 88.Bg4 Rxh2 89.Rxh2 Qg1 90.Rb2 Qd1+ 91.Kc3 Kg7
92.Rh2 Qa1+ 93.Kd3 Qg1 94.Rh5 Qd1+ 95.Kc3 Qc1+  0-1

[Event "FSGM August"]
[Site "Budapest HUN"]
[Date "2006.08.07"]
[Round "3"]
[White "Le Quang Liem"]
[Black "Fogarasi,T"]
[Result "1/2-1/2"]
[WhiteElo "2488"]
[BlackElo "2435"]

1.d4 Nf6 2.Nf3 g6 3.c4 Bg7 4.Nc3 d5 5.Qb3 dxc4 6.Qxc4 O-O 7.e4 Bg4 8.Be3 Nfd7
9.Rd1 Nb6 10.Qb3 Bxf3 11.gxf3 e6 12.h4 Nc6 13.e5 h5 14.Ne4 Qd5 15.Qxd5 Nxd5
16.Rc1 Rfd8 17.Nc5 Rab8 18.Bb5 Nce7 19.Bg5 b6 20.Na6 Rbc8 21.Bc6 Nxc6 22.Rxc6 Rd7
23.Ke2 Bf8 24.Rhc1 Be7 25.f4 Bxg5 26.fxg5 Nf4+ 27.Ke3 Ng2+ 28.Ke4 Rcd8 29.R1c4 Nxh4
30.Rxc7 Rd5 31.Rxa7 Nf5 32.Nc7 h4 33.Ra3 Rxd4+ 34.Rxd4 Rxd4+ 35.Kf3 Kf8 36.Nb5 Rd5
37.Ra8+ Ke7 38.Ra7+ Kf8 39.Ra8+ Ke7 40.Ra7+ Kf8  1/2-1/2

[Event "FSGM August"]
[Site "Budapest HUN"]
[Date "2006.08.08"]
[Round "4"]
[White "Leon Hoyos,M"]
[Black "Le Quang Liem"]
[Result "0-1"]
[WhiteElo "2436"]
[BlackElo "2488"]

1.e4 c5 2.Nf3 d6 3.Bc4 e6 4.O-O Nf6 5.d3 Nc6 6.Bb3 Be7 7.c3 O-O 8.Re1 b6
9.Nbd2 Ba6 10.Bc2 Rc8 11.Nf1 b5 12.a3 Bb7 13.h3 a5 14.Ng3 b4 15.d4 Re8 16.d5 Nb8
17.Ba4 Nbd7 18.dxe6 fxe6 19.axb4 axb4 20.cxb4 c4 21.Nd4 Bf8 22.Bg5 Re7 23.Nh5 Rf7
24.Nxe6 Qb6 25.Ng3 Ne5 26.Qd2 Nd3 27.Be3 Qxb4 28.Qxb4 Nxb4 29.Ng5 Re7 30.Nf5 Re5
31.Bd4 Nd3 32.Bxe5 dxe5 33.Red1 h6 34.Rxd3 cxd3 35.Bb3+ Kh8 36.Nf7+ Kh7 37.N7d6 Rb8
38.Bc4 d2 39.Rd1 Bc6 40.Rxd2 g6 41.f3 gxf5 42.Nxf5 Bc5+ 43.Kh2 Bd7 44.b3 Ra8
45.Rc2 Bb6 46.Rd2 Bc5 47.Rc2 Ra5 48.g4 Kg6 49.Rb2 Bb4 50.Re2 Ra1 51.Kg3 Nh7
52.f4 exf4+ 53.Kxf4 Rf1+ 54.Ke5 Ng5 55.Re3 Rd1 56.h4 Nh7 57.g5 h5 58.Bd5 Nf8
59.Rf3 Kh7 60.Kf6 Bxf5 61.Rxf5 Bc3+ 62.Kf7 Ng6 63.Rf2 Bd4 64.Rc2 Rf1+ 65.Ke6 Nxh4
66.Rh2 Rf4 67.b4 Kg6 68.b5 Nf3 69.Re2 Nxg5+ 70.Kd7 Nf3 71.Kc7 Rf6 72.Bc6 Kg5
73.Rg2+ Kf4 74.Rg8 h4 75.Bd7 Rf7 76.Kc8 Kxe4 77.Rg2 Rh7 78.Bc6+ Ke3 79.Rg4 Ne5
80.Re4+ Kd3 81.Bd5 Nc4 82.Re6 Nb6+  0-1

[Event "FSGM August"]
[Site "Budapest HUN"]
[Date "2006.08.10"]
[Round "6"]
[White "Braun,A"]
[Black "Le Quang Liem"]
[Result "1-0"]
[WhiteElo "2526"]
[BlackElo "2488"]

1.d4 d5 2.c4 c6 3.Nf3 Nf6 4.Nc3 a6 5.h3 dxc4 6.a4 e6 7.e3 c5 8.Bxc4 Nc6 9.O-O cxd4
10.exd4 Be7 11.Re1 O-O 12.Bg5 Nb4 13.Ne5 Bd7 14.Qb3 Nc6 15.Qxb7 Na5 16.Qf3 Nxc4
17.Nxc4 Rb8 18.Qe2 Bc6 19.Ne5 Bb7 20.Rad1 h6 21.Bc1 Qb6 22.Rd3 Kh8 23.Qe3 Rbd8
24.Qf4 Ba8 25.Ree3 g5 26.Qg3 Nh5 27.Qg4 Nf4 28.Rg3 Nxd3 29.Rxd3 Qb7 30.Rg3 Kh7
31.h4 f6 32.hxg5 fxg5 33.Qh5 Rg8 34.Nf7 Rg6 35.Bxg5 Rxd4 36.Bxe7 Rxg3 37.Qxh6+ Kg8
38.Qf8+ Kh7 39.Qh8+ Kg6 40.Ne5+ Kf5 41.Qf6+  1-0

[Event "FSGM August"]
[Site "Budapest HUN"]
[Date "2006.08.11"]
[Round "7"]
[White "Le Quang Liem"]
[Black "Ilincic,Z"]
[Result "1-0"]
[WhiteElo "2488"]
[BlackElo "2515"]

1.d4 Nf6 2.Nf3 e6 3.c4 Bb4+ 4.Bd2 c5 5.g3 O-O 6.Bg2 d6 7.O-O Nc6 8.a3 Bxd2
9.Qxd2 e5 10.dxc5 dxc5 11.Nc3 Be6 12.Qe3 Nd7 13.Ng5 Bxc4 14.Bxc6 bxc6 15.Nxh7 Re8
16.Ng5 e4 17.Rfd1 Qe7 18.Qxe4 Qxg5 19.Qxc4 Ne5 20.Qf4 Qxf4 21.gxf4 Nc4 22.b3 Na5
23.b4 Nb3 24.Rab1 c4 25.Rd6 a5 26.bxa5 Rxa5 27.a4 Nc5 28.Rxc6 Nxa4 29.Nxa4 Rxa4
30.e3 Rd8 31.Rc1 Rd2 32.Rc8+ Kh7 33.R8xc4 Raa2 34.f5 Kh6 35.Rf4 Rdc2 36.Rd1 Rd2
37.Rxd2 Rxd2 38.Rd4 Ra2 39.Rd7 f6 40.Kg2 Rb2 41.Kg3 Ra2 42.Rd3 Kh7 43.e4 Ra1
44.Kg2 Ra2 45.Rh3+ Kg8 46.Re3 Rb2 47.Kg3 Rb1 48.f4 Rf1 49.Ra3 Re1 50.Ra8+ Kf7
51.Ra7+ Kf8 52.Kf3 Rf1+ 53.Kg4 Rg1+ 54.Kf3 Rf1+ 55.Kg3 Re1 56.Ra4 Re3+ 57.Kg4 Re1
58.h4 Re3 59.Kh5 Rg3 60.e5 Rg1 61.exf6 gxf6 62.Kh6 Kg8 63.Ra8+ Kf7 64.Rh8 Rg2
65.Kh5 Rg1 66.Kh6 Rg2 67.h5 Rg4 68.Ra8 Rg1 69.Kh7 Rg7+ 70.Kh8 Rg4 71.Ra7+ Kf8
72.Kh7 Rg1 73.h6 Rg4 74.Rb7 Rg1 75.Rg7 Rh1 76.Kg6 Rh4 77.h7 Rg4+ 78.Kxf6  1-0

[Event "FSGM August"]
[Site "Budapest HUN"]
[Date "2006.08.12"]
[Round "8"]
[White "Kosic,D"]
[Black "Le Quang Liem"]
[Result "1/2-1/2"]
[WhiteElo "2506"]
[BlackElo "2488"]

1.d4 d5 2.c4 c6 3.Nc3 Nf6 4.cxd5 cxd5 5.Bf4 Nc6 6.e3 Bf5 7.Qb3 Na5 8.Qa4+ Bd7
9.Qd1 e6 10.Bd3 Rc8 11.Nf3 Bb4 12.Rc1 Nc4 13.Qb3 Qa5 14.O-O b5 15.a3 Be7
16.Rfd1 O-O 17.Ne5 Nxe5 18.Bxe5 a6 19.Na2 Ne4 20.Bxe4 dxe4 21.Nc3 b4 22.axb4 Qxb4
23.Qxb4 Bxb4 24.Nxe4 Ba4 25.Rxc8 Rxc8 26.Ra1 f5 27.Bd6 fxe4 28.Bxb4 Rc2 29.Bc3 Bb5  1/2-1/2

[Event "FSGM August"]
[Site "Budapest HUN"]
[Date "2006.08.13"]
[Round "9"]
[White "Le Quang Liem"]
[Black "Bick,J"]
[Result "1-0"]
[WhiteElo "2488"]
[BlackElo "2247"]

1.d4 Nf6 2.Nf3 e6 3.c4 Bb4+ 4.Bd2 c5 5.g3 O-O 6.Bg2 Bxd2+ 7.Qxd2 Ne4 8.Qd3 Qa5+
9.Nbd2 Nxd2 10.Nxd2 cxd4 11.Qxd4 Nc6 12.Qd6 Qe5 13.Qxe5 Nxe5 14.O-O f5 15.f4 Nf7
16.e4 g6 17.Rac1 Rb8 18.Rf3 d6 19.Ra3 a6 20.Rb3 b6 21.exf5 gxf5 22.c5 dxc5
23.Rxc5 Bb7 24.Rc7 Bxg2 25.Kxg2 Rbc8 26.Rbc3 Rxc7 27.Rxc7 Rd8 28.Nf3 Rd5
29.Re7 Rd6 30.Kf2 Nd8 31.Ra7 a5 32.a3 h6 33.Ke3 Kf8 34.Ne5 Nc6 35.Ra8+ Kg7
36.Nc4 Rd1 37.Nxb6 Rc1 38.Kd3 Rd1+ 39.Kc4 Rb1 40.Kc5 Ne7 41.Nc4 Rh1 42.Kd6 Ng6
43.Kxe6 Rxh2 44.Ra7+  1-0

[Event "WJun"]
[Site "Yerevan ARM"]
[Date "2006.10.03"]
[Round "1"]
[White "Ong,Kez"]
[Black "Le Quang Liem"]
[Result "1-0"]
[WhiteElo "2328"]
[BlackElo "2519"]

1.e4 c5 2.Nf3 d6 3.d4 cxd4 4.Nxd4 Nf6 5.Nc3 a6 6.f4 e6 7.Qf3 Qc7 8.Bd3 Nc6
9.Nxc6 bxc6 10.O-O Bb7 11.e5 dxe5 12.fxe5 Qxe5 13.Ne4 O-O-O 14.Bf4 Qh5 15.Qg3 Qd5
16.Bb8 Qd4+ 17.Kh1 Rd7 18.Nxf6 gxf6 19.Rad1 Be7 20.Be2 Qb6 21.Rxd7 Kxd7 22.Bh5 Rf8
23.Rf3 Kc8 24.Rb3 Qa5 25.h3 e5 26.Ba7 f5 27.Bxf7 f4 28.Be6+ Kc7 29.Qg7 Qe1+
30.Kh2 Kd6 31.Bc5+  1-0